000
00259nam a22000857a 4500
008
161202b xxu||||| |||| 00| 0 eng d
100
_9
1782
_a
Soni. A
245
_a
Opening new windows : Towards understanding computers
260
_a
New delhi
_b
Navdeep publication
_c
2006
999
_c
4490
_d
4490